[Event "National Elementary Championship"]
[Site "Columbus, Ohio, United States"]
[Date "2022.05.14"]
[Round "3.8"]
[White "Levkov, Ilya"]
[Black "Boydell, Oliver"]
[Result "0-1"]
[TimeControl "G/90;d5"]
[WhiteElo "2011"]
[BlackElo "1760"]

1. e4 {[%clk 01:30:00]} c5 {[%clk 01:30:00]} {[%emt 00:00:06]} 2. Nf3 {[%clk
01:30:00]} {[%emt 00:00:01]} g6 {[%clk 01:29:56]} {[%emt 00:00:08]} 3. d4
{[%clk 01:29:09]} {[%emt 00:00:57]} cxd4 {[%clk 01:29:53]} {[%emt 00:00:09]} 4.
Nxd4 {[%clk 01:27:38]} {[%emt 00:01:34]} Nc6 {[%clk 01:29:50]} {[%emt
00:00:08]} 5. Nxc6 {[%clk 01:25:14]} {[%emt 00:02:31]} bxc6 {[%clk 01:29:46]}
{[%emt 00:00:09]} 6. Qd4 {[%clk 01:24:49]} {[%emt 00:00:30]} Nf6 {[%clk
01:28:53]} {[%emt 00:00:58]} 7. e5 {[%clk 01:24:23]} {[%emt 00:00:31]} Nd5
{[%clk 01:27:01]} {[%emt 00:01:57]} 8. e6 {[%clk 01:14:54]} {[%emt 00:09:34]}
Nf6 {[%clk 01:26:16]} {[%emt 00:00:49]} 9. exd7+ {[%clk 01:11:23]} {[%emt
00:03:36]} Bxd7 {[%clk 01:21:14]} {[%emt 00:05:07]} 10. Be2 {[%clk 01:07:22]}
{[%emt 00:04:06]} Bg7 {[%clk 01:19:10]} {[%emt 00:02:10]} 11. O-O {[%clk
01:04:23]} {[%emt 00:03:04]} O-O {[%clk 01:17:48]} {[%emt 00:01:27]} 12. Rd1
{[%clk 00:59:46]} {[%emt 00:04:42]} Qb6 {[%clk 01:01:48]} {[%emt 00:16:04]} 13.
Qxb6 {[%clk 00:53:51]} {[%emt 00:06:00]} axb6 {[%clk 01:01:42]} {[%emt
00:00:11]} 14. c4 {[%clk 00:53:23]} {[%emt 00:00:33]} Be6 {[%clk 00:56:01]}
{[%emt 00:05:46]} 15. Nc3 {[%clk 00:52:11]} {[%emt 00:01:16]} Nd7 {[%clk
00:52:14]} {[%emt 00:03:52]} 16. Be3 {[%clk 00:49:39]} {[%emt 00:02:37]} Bxc3
{[%clk 00:48:22]} {[%emt 00:03:57]} 17. bxc3 {[%clk 00:49:36]} {[%emt
00:00:08]} Ra3 {[%clk 00:47:40]} {[%emt 00:00:47]} 18. Bc1 {[%clk 00:30:56]}
{[%emt 00:18:44]} Rxc3 {[%clk 00:46:47]} {[%emt 00:00:58]} 19. Bd2 {[%clk
00:28:28]} {[%emt 00:02:33]} Ra3 {[%clk 00:45:20]} {[%emt 00:01:32]} 20. Bb4
{[%clk 00:28:11]} {[%emt 00:00:22]} Ra4 {[%clk 00:43:02]} {[%emt 00:02:22]} 21.
Bxe7 {[%clk 00:26:46]} {[%emt 00:01:31]} Re8 {[%clk 00:39:54]} {[%emt
00:03:13]} 22. Bg5 {[%clk 00:25:08]} {[%emt 00:01:43]} Ne5 {[%clk 00:36:32]}
{[%emt 00:03:28]} 23. c5 {[%clk 00:15:18]} {[%emt 00:09:56]} bxc5 {[%clk
00:34:35]} {[%emt 00:02:00]} 24. f4 {[%clk 00:13:24]} {[%emt 00:02:01]} Nc4
{[%clk 00:30:50]} {[%emt 00:03:50]} 25. Bf3 {[%clk 00:10:26]} {[%emt 00:03:02]}
Rc8 {[%clk 00:27:39]} {[%emt 00:03:16]} 26. Be7 {[%clk 00:07:27]} {[%emt
00:03:04]} Ra5 {[%clk 00:22:35]} {[%emt 00:05:10]} 27. Bd8 {[%clk 00:04:27]}
{[%emt 00:03:04]} Ra7 {[%clk 00:20:37]} {[%emt 00:02:03]} 28. Bf6 {[%clk
00:03:48]} {[%emt 00:00:43]} Ne3 {[%clk 00:18:12]} {[%emt 00:02:30]} 29. Rdc1
{[%clk 00:01:38]} {[%emt 00:02:15]} Rxa2 {[%emt 00:02:27]} 30. Rxa2 {[%clk
00:01:29]} Bxa2 {[%clk 00:15:55]} {[%emt 00:00:13]} 31. Rxc5 {[%clk 00:01:29]}
{[%emt 00:00:02]} Bd5 {[%clk 00:15:29]} {[%emt 00:00:32]} 32. Bd4 {[%clk
00:00:37]} {[%emt 00:00:57]} Bxf3 {[%clk 00:13:59]} {[%emt 00:01:35]} 33. Bxe3
{[%clk 00:00:37]} {[%emt 00:00:01]} Be4 {[%clk 00:13:10]} {[%emt 00:00:54]} 34.
Rc4 {[%clk 00:00:30]} {[%emt 00:00:12]} Re8 {[%clk 00:12:36]} {[%emt 00:00:39]}
35. Kf2 {[%clk 00:00:30]} {[%emt 00:00:05]} Bxg2 {[%clk 00:12:13]} {[%emt
00:00:27]} 36. Kxg2 {[%clk 00:00:30]} {[%emt 00:00:05]} Rxe3 {[%clk 00:12:10]}
{[%emt 00:00:09]} 37. Rxc6 {[%clk 00:00:30]} Kg7 {[%clk 00:11:58]} {[%emt
00:00:17]} 38. Kf2 {[%clk 00:00:30]} {[%emt 00:00:04]} Ra3 {[%clk 00:11:52]}
{[%emt 00:00:11]} 39. Rb6 {[%clk 00:00:30]} {[%emt 00:00:04]} Ra2+ {[%clk
00:09:19]} {[%emt 00:02:38]} 40. Kg3 {[%clk 00:00:30]} {[%emt 00:00:03]} Re2
{[%clk 00:09:03]} {[%emt 00:00:21]} 41. Rc6 {[%clk 00:00:30]} {[%emt 00:00:05]}
Re6 {[%clk 00:08:15]} {[%emt 00:00:52]} 42. Rc7 {[%clk 00:00:25]} {[%emt
00:00:10]} Kf6 {[%clk 00:07:53]} {[%emt 00:00:27]} 43. Rb7 {[%clk 00:00:25]}
{[%emt 00:00:01]} h6 {[%clk 00:04:13]} {[%emt 00:03:44]} 44. Rc7 {[%clk
00:00:25]} {[%emt 00:00:01]} g5 {[%clk 00:03:52]} {[%emt 00:00:27]} 45. fxg5+
{[%clk 00:00:25]} {[%emt 00:00:01]} hxg5 {[%clk 00:03:52]} {[%emt 00:00:02]} 46.
Rb7 {[%clk 00:00:25]} {[%emt 00:00:02]} Kg6 {[%clk 00:03:46]} {[%emt 00:00:11]}
47. Rc7 {[%clk 00:00:21]} {[%emt 00:00:09]} f5 {[%clk 00:03:42]} {[%emt
00:00:08]} 48. Rc5 {[%clk 00:00:19]} {[%emt 00:00:07]} Re3+ {[%clk 00:03:19]}
{[%emt 00:00:28]} 49. Kf2 {[%clk 00:00:19]} {[%emt 00:00:03]} f4 {[%clk
00:03:06]} {[%emt 00:00:17]} 50. Rc6+ {[%clk 00:00:19]} {[%emt 00:00:06]} Kf5
{[%clk 00:03:05]} {[%emt 00:00:06]} 51. Rc8 {[%clk 00:00:16]} {[%emt 00:00:08]}
Kg4 {[%clk 00:02:57]} {[%emt 00:00:12]} 52. Rc4 {[%clk 00:00:16]} {[%emt
00:00:01]} Rh3 {[%clk 00:02:52]} {[%emt 00:00:10]} 53. Kg2 {[%clk 00:00:16]}
Ra3 {[%clk 00:02:52]} {[%emt 00:00:01]} 54. Rc2 {[%clk 00:00:11]} {[%emt
00:00:10]} Kh4 {[%clk 00:02:44]} {[%emt 00:00:13]} 55. Rf2 {[%clk 00:00:11]}
{[%emt 00:00:02]} Rb3 {[%clk 00:02:22]} {[%emt 00:00:27]} 56. Rd2 {[%clk
00:00:11]} {[%emt 00:00:01]} Kg4 {[%clk 00:02:17]} {[%emt 00:00:11]} 57. Rc2
{[%clk 00:00:11]} {[%emt 00:00:03]} Re3 {[%clk 00:01:27]} {[%emt 00:00:55]} 58.
Rb2 {[%clk 00:00:11]} {[%emt 00:00:02]} Kf5 {[%clk 00:01:27]} {[%emt 00:00:01]}
59. Rb5+ {[%clk 00:00:11]} {[%emt 00:00:04]} Re5 {[%clk 00:01:26]} {[%emt
00:00:05]} 60. Rb2 {[%clk 00:00:11]} {[%emt 00:00:02]} g4 {[%clk 00:01:26]}
{[%emt 00:00:05]} 61. Rc2 {[%clk 00:00:11]} {[%emt 00:00:02]} f3+ {[%clk
00:00:40]} {[%emt 00:00:51]} 62. Kg3 {[%clk 00:00:08]} {[%emt 00:00:07]} Re1
{[%clk 00:00:28]} {[%emt 00:00:17]} 63. Rc5+ {[%clk 00:00:08]} {[%emt
00:00:02]} Ke4 {[%clk 00:00:28]} {[%emt 00:00:02]} 64. Rc4+ {[%clk 00:00:08]}
{[%emt 00:00:03]} Ke3 {[%clk 00:00:28]} {[%emt 00:00:02]} 65. Rc3+ {[%clk
00:00:08]} {[%emt 00:00:04]} Kd2 {[%clk 00:00:15]} {[%emt 00:00:19]} 66. Rc7
{[%clk 00:00:08]} Rg1+ {[%clk 00:00:15]} {[%emt 00:00:01]} 67. Kf2 {[%clk
00:00:08]} Rg2 {[%clk 00:00:15]} {[%emt 00:00:02]} 68. Kf1 {[%clk 00:00:08]}
{[%emt 00:00:01]} Rxh2 {[%clk 00:00:15]} {[%emt 00:00:02]} 69. Rg7 {[%emt
00:00:10]} Rg2 {[%clk 00:00:15]} {[%emt 00:00:03]} 70. Re7 {[%clk 00:00:04]}
{[%emt 00:00:03]} g3 {[%clk 00:00:15]} {[%emt 00:00:01]} 71. Re6 {[%clk
00:00:03]} {[%emt 00:00:07]} Re2 {[%clk 00:00:15]} {[%emt 00:00:05]} 72. Rd6+
{[%clk 00:00:03]} {[%emt 00:00:02]} Kc3 {[%clk 00:00:15]} 73. Rc6+ {[%clk
00:00:03]} {[%emt 00:00:04]} Kd4 {[%clk 00:00:15]} {[%emt 00:00:01]} 74. Rd6+
{[%clk 00:00:03]} {[%emt 00:00:04]} Kc5 {[%clk 00:00:15]} 75. Rg6 {[%clk
00:00:03]} {[%emt 00:00:02]} g2+ {[%clk 00:00:15]} {[%emt 00:00:02]} 76. Kg1
{[%clk 00:00:03]} {[%emt 00:00:01]} Re1+ {[%clk 00:00:15]} 77. Kh2 {[%clk
00:00:03]} {[%emt 00:00:02]} Rh1+ {[%clk 00:00:15]} {[%emt 00:00:02]} 0-1

[Event "National Elementary Championship"]
[Site "Columbus, Ohio, United States"]
[Date "2022.05.14"]
[Round "3.9"]
[White "Colville, Julian"]
[Black "Grennan, Rhyan"]
[Result "1-0"]
[TimeControl "G/90;d5"]
[WhiteElo "1950"]
[BlackElo "1638"]

1. e4 {[%clk 01:30:00]} {[%emt 00:00:04]} d5 {[%clk 01:30:00]} {[%emt
00:00:05]} 2. exd5 {[%clk 01:30:00]} {[%emt 00:00:03]} Qxd5 {[%clk 01:29:57]}
{[%emt 00:00:05]} 3. Nc3 {[%clk 01:30:00]} {[%emt 00:00:19]} Qd8 {[%clk
01:29:56]} {[%emt 00:00:10]} 4. Bc4 {[%clk 01:30:00]} Nf6 {[%clk 01:29:56]} 5.
Nf3 {[%clk 01:29:54]} {[%emt 00:00:04]} Bf5 {[%clk 01:29:50]} {[%emt 00:00:21]}
6. d3 {[%clk 01:29:45]} {[%emt 00:00:04]} e6 {[%clk 01:29:49]} {[%emt
00:00:19]} 7. Be3 {[%clk 01:29:19]} {[%emt 00:00:20]} c6 {[%clk 01:29:48]}
{[%emt 00:00:07]} 8. Qd2 {[%clk 01:29:09]} {[%emt 00:00:11]} Nbd7 {[%clk
01:29:45]} {[%emt 00:00:29]} 9. h3 {[%clk 01:28:49]} {[%emt 00:00:07]} Nd5
{[%clk 01:29:23]} {[%emt 00:00:25]} 10. Nd4 {[%clk 01:28:24]} {[%emt 00:00:32]}
Bg6 {[%clk 01:28:57]} {[%emt 00:00:31]} 11. O-O-O {[%clk 01:26:58]} {[%emt
00:02:08]} Bb4 {[%clk 01:28:29]} {[%emt 00:00:04]} 12. Bxd5 {[%clk 01:26:17]}
{[%emt 00:00:41]} cxd5 {[%clk 01:28:23]} {[%emt 00:00:26]} 13. a3 {[%clk
01:24:44]} {[%emt 00:01:25]} Ba5 {[%clk 01:24:04]} {[%emt 00:04:20]} 14. h4
{[%clk 01:21:31]} {[%emt 00:03:15]} e5 {[%clk 01:21:32]} {[%emt 00:02:52]} 15.
h5 {[%clk 01:20:34]} {[%emt 00:00:46]} exd4 {[%clk 01:16:43]} {[%emt 00:04:54]}
16. Bxd4 {[%clk 01:20:31]} {[%emt 00:00:35]} Bf5 {[%clk 01:16:03]} {[%emt
00:00:21]} 17. h6 {[%clk 01:20:28]} {[%emt 00:00:08]} O-O {[%clk 01:10:58]}
{[%emt 00:05:06]} 18. Bxg7 {[%clk 01:18:54]} {[%emt 00:01:41]} Rc8 {[%clk
01:06:53]} {[%emt 00:04:10]} 19. Rh5 {[%clk 01:18:31]} {[%emt 00:00:31]} Bg6
{[%clk 01:05:57]} {[%emt 00:01:06]} 20. Rxd5 {[%clk 01:18:23]} {[%emt
00:00:07]} Qc7 {[%clk 01:03:01]} {[%emt 00:03:10]} 21. b4 {[%clk 01:12:49]}
{[%emt 00:05:27]} Bb6 {[%clk 00:58:19]} {[%emt 00:04:48]} 22. Ne4 {[%clk
01:12:39]} {[%emt 00:00:35]} f5 {[%clk 00:55:17]} {[%emt 00:02:47]} 23. Nd6
{[%clk 01:11:06]} {[%emt 00:01:37]} Qc6 {[%clk 00:51:10]} {[%emt 00:04:16]} 24.
Bxf8 {[%clk 01:09:54]} {[%emt 00:01:50]} Rxf8 {[%clk 00:46:58]} {[%emt
00:03:41]} 25. c4 {[%clk 01:09:35]} {[%emt 00:00:39]} Nf6 {[%clk 00:42:17]}
{[%emt 00:05:03]} 26. Qb2 {[%clk 01:08:38]} {[%emt 00:00:29]} Qd7 {[%clk
00:36:57]} {[%emt 00:06:03]} 27. Qe5 {[%clk 01:07:22]} {[%emt 00:00:50]} Nxd5
{[%clk 00:34:19]} {[%emt 00:02:35]} 28. Qxd5+ {[%clk 01:07:18]} {[%emt
00:00:37]} Bf7 {[%clk 00:33:58]} {[%emt 00:00:14]} 29. Qe5 {[%clk 01:06:26]}
{[%emt 00:01:02]} Bg6 {[%clk 00:29:06]} {[%emt 00:04:36]} 30. Qg7+ {[%clk
01:05:25]} {[%emt 00:01:06]} Qxg7 {[%clk 00:28:55]} {[%emt 00:00:25]} 31. hxg7
{[%clk 01:05:25]} Kxg7 {[%clk 00:28:52]} {[%emt 00:00:06]} 32. c5 {[%clk
01:05:24]} {[%emt 00:00:07]} Bc7 {[%clk 00:27:44]} {[%emt 00:01:13]} 33. Nxb7
{[%clk 01:05:20]} {[%emt 00:00:27]} Rb8 {[%clk 00:26:57]} {[%emt 00:00:32]} 34.
c6 {[%clk 01:05:19]} {[%emt 00:00:25]} Be8 {[%clk 00:25:56]} {[%emt 00:00:52]}
35. b5 {[%clk 01:05:18]} {[%emt 00:00:04]} Kf6 {[%clk 00:24:13]} {[%emt
00:01:44]} 36. a4 {[%clk 01:04:46]} {[%emt 00:00:37]} Ke5 {[%clk 00:22:45]}
{[%emt 00:01:31]} 37. Nc5 {[%clk 01:03:58]} {[%emt 00:00:53]} Kd5 {[%clk
00:18:39]} {[%emt 00:04:12]} 38. Na6 {[%clk 01:03:17]} {[%emt 00:00:47]} Bf4+
{[%clk 00:18:28]} {[%emt 00:00:17]} 39. Kc2 {[%clk 01:03:00]} {[%emt 00:00:18]}
Rc8 {[%clk 00:16:38]} {[%emt 00:02:07]} 40. Kc3 {[%clk 01:02:52]} {[%emt
00:00:06]} Bd6 {[%clk 00:16:11]} {[%emt 00:00:30]} 41. Nb4+ {[%clk 01:02:31]}
{[%emt 00:00:25]} Bxb4+ {[%clk 00:13:53]} {[%emt 00:02:42]} 42. Kxb4 {[%clk
01:02:26]} Rb8 {[%clk 00:09:43]} {[%emt 00:04:06]} 43. Rc1 {[%clk 01:02:14]}
{[%emt 00:00:42]} Kd6 {[%clk 00:09:25]} 44. Ka5 {[%clk 01:01:37]} {[%emt
00:00:40]} Kc7 {[%clk 00:07:28]} {[%emt 00:02:02]} 45. Re1 {[%clk 01:01:21]}
{[%emt 00:00:20]} Kd6 {[%clk 00:04:07]} {[%emt 00:03:34]} 46. c7 {[%clk
00:56:37]} {[%emt 00:04:44]} Rc8 {[%clk 00:02:55]} {[%emt 00:01:24]} 47. Ka6
{[%clk 00:55:56]} {[%emt 00:00:39]} Bd7 {[%clk 00:02:27]} {[%emt 00:00:33]} 48.
Rc1 {[%clk 00:55:38]} {[%emt 00:00:22]} Rxc7 {[%clk 00:02:19]} {[%emt
00:00:16]} 49. Rxc7 {[%clk 00:55:36]} {[%emt 00:00:19]} Kxc7 {[%clk 00:02:19]}
50. Kxa7 {[%clk 00:55:32]} Bc6 {[%clk 00:01:28]} {[%emt 00:00:53]} 51. bxc6
{[%clk 00:55:16]} {[%emt 00:00:20]} Kxc6 {[%clk 00:01:24]} {[%emt 00:00:16]} 52.
a5 {[%clk 00:55:10]} {[%emt 00:00:08]} Kc7 {[%clk 00:01:24]} {[%emt 00:00:03]}
53. d4 {[%clk 00:55:03]} {[%emt 00:00:08]} h5 {[%clk 00:00:54]} {[%emt
00:00:08]} 54. d5 {[%clk 00:54:59]} {[%emt 00:01:02]} h4 {[%clk 00:00:54]} 55.
d6 {[%clk 00:54:47]} {[%emt 00:00:07]} Kxd6 {[%clk 00:00:54]} 56. Kb7 {[%clk
00:54:46]} {[%emt 00:00:04]} f4 {[%clk 00:00:54]} 57. f3 {[%clk 00:54:43]}
{[%emt 00:00:04]} 1-0

[Event "National Elementary Championship"]
[Site "Columbus, Ohio, United States"]
[Date "2022.05.14"]
[Round "3.10"]
[White "Muthukumaran, Gurru"]
[Black "Kamesh, Vidyuth"]
[Result "1/2-1/2"]
[TimeControl "G/90;d5"]
[WhiteElo "1881"]
[BlackElo "1684"]

1. e4 {[%clk 01:30:00]} e6 {[%clk 01:29:53]} {[%emt 00:00:25]} 2. d4 {[%clk
01:29:56]} {[%emt 00:00:22]} d5 {[%clk 01:29:53]} 3. Bd3 {[%clk 01:29:52]} dxe4
{[%clk 01:29:04]} {[%emt 00:00:36]} 4. Bxe4 {[%clk 01:29:27]} {[%emt 00:00:30]}
Nf6 {[%clk 01:29:04]} {[%emt 00:00:12]} 5. Bf3 {[%clk 01:29:22]} {[%emt
00:00:23]} h6 {[%clk 01:28:40]} {[%emt 00:00:10]} 6. Ne2 {[%clk 01:28:56]}
{[%emt 00:00:29]} Bd6 {[%clk 01:28:01]} {[%emt 00:00:44]} 7. O-O {[%clk
01:28:24]} {[%emt 00:00:35]} O-O {[%clk 01:27:55]} {[%emt 00:00:21]} 8. c4
{[%clk 01:28:06]} {[%emt 00:00:16]} c6 {[%clk 01:27:53]} {[%emt 00:00:31]} 9.
Bf4 {[%clk 01:26:32]} {[%emt 00:01:14]} Bxf4 {[%clk 01:27:00]} {[%emt
00:01:01]} 10. Nxf4 {[%clk 01:26:30]} {[%emt 00:00:05]} Nbd7 {[%clk 01:26:46]}
{[%emt 00:00:20]} 11. Nc3 {[%clk 01:25:52]} {[%emt 00:01:17]} e5 {[%clk
01:25:25]} {[%emt 00:00:48]} 12. Nh5 {[%clk 01:24:08]} {[%emt 00:02:05]} Nxh5
{[%clk 01:23:32]} {[%emt 00:01:42]} 13. Bxh5 {[%clk 01:24:04]} {[%emt
00:00:40]} exd4 {[%clk 01:23:03]} {[%emt 00:00:05]} 14. Qxd4 {[%clk 01:22:37]}
{[%emt 00:01:44]} Nf6 {[%clk 01:22:28]} {[%emt 00:00:58]} 15. Qd1 {[%clk
01:15:47]} {[%emt 00:06:22]} Qxd1 {[%clk 01:19:48]} {[%emt 00:02:44]} 16. Bxd1
{[%clk 01:15:45]} {[%emt 00:00:18]} Bf5 {[%clk 01:19:48]} 17. Be2 {[%clk
01:14:05]} {[%emt 00:01:38]} Rad8 {[%clk 01:19:03]} {[%emt 00:00:56]} 18. Rfd1
{[%clk 01:06:02]} {[%emt 00:08:15]} Bc2 {[%clk 01:17:11]} {[%emt 00:01:43]} 19.
Rxd8 {[%clk 01:04:20]} {[%emt 00:02:25]} Rxd8 {[%clk 01:17:10]} 20. Kf1 {[%clk
01:03:37]} {[%emt 00:00:21]} Kf8 {[%clk 01:14:52]} {[%emt 00:02:19]} 21. Rc1
{[%clk 01:03:11]} {[%emt 00:00:36]} Bf5 {[%clk 01:14:14]} {[%emt 00:00:41]} 22.
Rd1 {[%clk 01:02:06]} {[%emt 00:01:10]} Rxd1+ {[%clk 01:08:45]} {[%emt
00:06:05]} 23. Bxd1 {[%clk 01:02:02]} Ne4 {[%clk 01:08:29]} 24. Nxe4 {[%clk
00:59:57]} {[%emt 00:02:09]} Bxe4 {[%clk 01:07:46]} {[%emt 00:00:48]} 25. f3
{[%clk 00:59:42]} {[%emt 00:00:19]} Bd3+ {[%clk 01:04:48]} {[%emt 00:03:23]} 26.
Be2 {[%clk 00:59:36]} Bxe2+ {[%clk 01:03:12]} {[%emt 00:01:31]} 27. Kxe2 {[%clk
00:59:33]} {[%emt 00:00:35]} Ke7 {[%clk 01:03:12]} 28. Ke3 {[%clk 00:59:22]}
Ke6 {[%clk 01:02:34]} {[%emt 00:00:51]} 29. Ke4 {[%clk 00:58:10]} {[%emt
00:00:59]} c5 {[%clk 01:01:36]} {[%emt 00:01:03]} 30. g4 {[%clk 00:57:40]}
{[%emt 00:00:54]} g6 {[%clk 01:01:27]} 31. h4 {[%clk 00:54:21]} {[%emt
00:03:20]} f6 {[%clk 00:59:04]} {[%emt 00:02:32]} 32. Kf4 {[%clk 00:52:22]}
{[%emt 00:01:59]} g5+ {[%clk 00:57:39]} {[%emt 00:01:36]} 33. hxg5 {[%clk
00:51:46]} {[%emt 00:00:36]} hxg5+ {[%clk 00:55:05]} {[%emt 00:02:39]} 34. Ke4
{[%clk 00:51:45]} {[%emt 00:00:11]} a6 {[%clk 00:50:12]} {[%emt 00:04:55]} 35.
a3 {[%clk 00:50:38]} {[%emt 00:01:10]} b5 {[%clk 00:44:53]} {[%emt 00:05:28]}
36. b3 {[%clk 00:43:58]} {[%emt 00:06:41]} bxc4 {[%clk 00:42:12]} {[%emt
00:02:46]} 37. bxc4 {[%clk 00:43:53]} {[%emt 00:00:20]} a5 {[%clk 00:42:12]} 38.
a4 {[%clk 00:43:40]} {[%emt 00:00:12]} Kd6 {[%clk 00:42:04]} {[%emt 00:00:14]}
39. Kf5 {[%clk 00:43:15]} {[%emt 00:00:38]} Ke7 {[%clk 00:42:02]} 40. f4 {[%clk
00:39:50]} {[%emt 00:03:49]} gxf4 {[%clk 00:41:26]} {[%emt 00:00:17]} 41. Kxf4
{[%clk 00:39:50]} {[%emt 00:00:07]} Kf7 {[%clk 00:40:14]} {[%emt 00:01:12]} 42.
Kf5 {[%clk 00:38:55]} {[%emt 00:01:03]} Ke7 {[%clk 00:39:52]} {[%emt 00:00:46]}
43. Ke4 {[%clk 00:37:55]} {[%emt 00:00:52]} Ke6 {[%clk 00:39:45]} {[%emt
00:00:05]} 44. Kf4 {[%clk 00:37:55]} {[%emt 00:00:03]} Ke7 {[%clk 00:39:42]}
{[%emt 00:00:09]} 45. Kf5 {[%clk 00:36:00]} {[%emt 00:01:55]} Kf7 {[%clk
00:39:36]} {[%emt 00:00:30]} 1/2-1/2

[Event "National Elementary Championship"]
[Site "Columbus, Ohio, United States"]
[Date "2022.05.14"]
[Round "3.11"]
[White "Wang, Connor"]
[Black "Rajaram, Rohan"]
[Result "1/2-1/2"]
[TimeControl "G/90;d5"]
[WhiteElo "1705"]
[BlackElo "2042"]

1. e4 {[%clk 01:30:00]} {[%emt 00:00:01]} c5 {[%clk 01:30:00]} {[%emt
00:00:05]} 2. Nc3 {[%clk 01:30:00]} {[%emt 00:00:05]} Nc6 {[%clk 01:30:00]}
{[%emt 00:00:05]} 3. Nf3 {[%clk 01:30:00]} {[%emt 00:00:06]} e6 {[%clk
01:29:07]} {[%emt 00:00:57]} 4. d4 {[%clk 01:29:54]} {[%emt 00:00:10]} cxd4
{[%clk 01:29:05]} {[%emt 00:00:07]} 5. Nxd4 {[%clk 01:29:44]} {[%emt 00:00:16]}
Qc7 {[%clk 01:28:55]} {[%emt 00:00:15]} 6. a3 {[%clk 01:27:27]} {[%emt
00:02:23]} a6 {[%clk 01:28:43]} {[%emt 00:00:17]} 7. Be3 {[%clk 01:27:02]}
{[%emt 00:00:28]} Nf6 {[%clk 01:28:12]} {[%emt 00:00:38]} 8. f4 {[%clk
01:26:57]} {[%emt 00:00:09]} d6 {[%clk 01:27:47]} {[%emt 00:00:30]} 9. Qf3
{[%clk 01:26:39]} {[%emt 00:00:23]} Be7 {[%clk 01:27:06]} {[%emt 00:00:47]} 10.
Bd3 {[%clk 01:25:39]} {[%emt 00:01:04]} O-O {[%clk 01:25:54]} {[%emt 00:01:17]}
11. O-O-O {[%clk 01:25:28]} {[%emt 00:00:16]} Nxd4 {[%clk 01:24:43]} {[%emt
00:01:16]} 12. Bxd4 {[%clk 01:25:19]} {[%emt 00:00:14]} e5 {[%clk 01:24:15]}
{[%emt 00:00:34]} 13. fxe5 {[%clk 01:24:45]} {[%emt 00:00:39]} dxe5 {[%clk
01:24:10]} {[%emt 00:00:09]} 14. Qg3 {[%clk 01:24:29]} {[%emt 00:00:20]} Bd6
{[%clk 01:22:44]} {[%emt 00:01:32]} 15. Be3 {[%clk 01:22:05]} {[%emt 00:02:27]}
Be6 {[%clk 01:19:06]} {[%emt 00:03:46]} 16. Rhf1 {[%clk 01:16:42]} {[%emt
00:05:28]} Ne8 {[%clk 01:14:52]} {[%emt 00:04:19]} 17. Qh4 {[%clk 01:16:07]}
{[%emt 00:00:40]} Be7 {[%clk 01:09:35]} {[%emt 00:05:21]} 18. Bg5 {[%clk
01:12:47]} {[%emt 00:03:25]} Bxg5+ {[%clk 01:08:20]} {[%emt 00:01:21]} 19. Qxg5
{[%clk 01:12:47]} {[%emt 00:00:02]} f6 {[%clk 01:07:37]} {[%emt 00:00:47]} 20.
Qh4 {[%clk 01:11:30]} {[%emt 00:01:20]} Nd6 {[%clk 01:05:15]} {[%emt 00:02:28]}
21. Rf3 {[%clk 00:55:33]} {[%emt 00:16:03]} Rae8 {[%clk 00:57:38]} {[%emt
00:07:42]} 22. Rdf1 {[%clk 00:54:16]} {[%emt 00:01:21]} b5 {[%clk 00:54:12]}
{[%emt 00:03:31]} 23. Qg3 {[%clk 00:48:39]} {[%emt 00:05:41]} Kh8 {[%clk
00:50:53]} {[%emt 00:03:26]} 24. Qh4 {[%clk 00:46:54]} {[%emt 00:01:50]} Qb7
{[%clk 00:47:03]} {[%emt 00:03:55]} 25. g4 {[%clk 00:44:34]} {[%emt 00:02:25]}
Nf7 {[%clk 00:45:10]} {[%emt 00:01:59]} 26. Re3 {[%clk 00:35:26]} {[%emt
00:09:12]} b4 {[%clk 00:42:12]} {[%emt 00:03:04]} 27. axb4 {[%clk 00:34:24]}
{[%emt 00:01:06]} Qxb4 {[%clk 00:42:02]} {[%emt 00:00:15]} 28. Nd5 {[%clk
00:34:14]} {[%emt 00:00:15]} Bxd5 {[%clk 00:40:47]} {[%emt 00:01:20]} 29. exd5
{[%clk 00:34:11]} {[%emt 00:00:07]} e4 {[%clk 00:40:01]} {[%emt 00:00:52]} 30.
Rfe1 {[%clk 00:32:15]} {[%emt 00:02:01]} Ng5 {[%clk 00:38:50]} {[%emt
00:01:16]} 31. c3 {[%clk 00:31:28]} {[%emt 00:00:52]} Qa4 {[%clk 00:38:17]}
{[%emt 00:00:38]} 32. Bc2 {[%clk 00:29:03]} {[%emt 00:02:28]} Qa2 {[%clk
00:30:27]} {[%emt 00:07:56]} 33. Bxe4 {[%clk 00:28:20]} {[%emt 00:00:48]} Rb8
{[%clk 00:28:45]} {[%emt 00:01:47]} 34. b4 {[%clk 00:20:17]} {[%emt 00:08:07]}
a5 {[%clk 00:25:40]} {[%emt 00:03:11]} 35. Bxh7 {[%clk 00:16:02]} {[%emt
00:04:19]} Qa3+ {[%clk 00:24:44]} {[%emt 00:01:01]} 36. Kc2 {[%clk 00:15:16]}
{[%emt 00:00:50]} Qa2+ {[%clk 00:17:30]} {[%emt 00:07:21]} 37. Kc1 {[%clk
00:13:28]} {[%emt 00:01:53]} Qa3+ {[%clk 00:16:38]} {[%emt 00:00:57]} 38. Kc2
{[%clk 00:13:28]} {[%emt 00:00:02]} Rxb4 {[%clk 00:11:46]} {[%emt 00:04:57]} 39.
Bf5+ {[%clk 00:11:55]} {[%emt 00:01:37]} Kg8 {[%clk 00:11:46]} {[%emt
00:00:05]} 40. cxb4 {[%clk 00:11:53]} {[%emt 00:00:07]} Qa2+ {[%clk 00:11:41]}
{[%emt 00:00:10]} 41. Kc1 {[%clk 00:07:54]} {[%emt 00:04:03]} 1/2-1/2